[Event "Ulm/Neu Ulm-ch"]
[Site "Ulm/Neu Ulm"]
[Date "2008.10.17"]
[Round "3"]
[White "Sturm, Paul"]
[Black "Napierala, Jascha"]
[Result "0-1"]
[WhiteElo "1296"]
[BlackElo "790"]
[PlyCount "108"]
[EventDate "2008.09.19"]
[EventType "swiss"]
[EventRounds "7"]
[EventCountry "GER"]
[SourceTitle "EXT 2011"]
[Source "ChessBase"]
[SourceDate "2010.11.26"]
[SourceVersion "1"]
[SourceVersionDate "2010.11.26"]
[SourceQuality "1"]

1. d4 d5 2. c4 e6 3. Nf3 Nc6 4. Nc3 Nf6 5. Bg5 g6 6. e4 dxe4 7. Nxe4 Be7 8. Nc3 0-0 9. Be2 b6 10. Qd2 Ng4 11. h4 f6 12. Be3 Bb7 13. 0-0-0 a5 14. Ne1 Nxe3 15. Qxe3 Qd6 16. Nb5 Qd7 17. Bf3 Rab8 18. Nc2 Ba6 19. a4 Nb4 20. Qb3 c6 21. Nc3 b5 22. c5 bxa4 23. Qxa4 Qc7 24. Nxb4 Rxb4 25. Qxc6 Qxc6 26. Bxc6 Rfb8 27. Rd2 f5 28. f4 Bf6 29. Rhd1 h6 30. Na4 g5 31. hxg5 hxg5 32. g3 Bc4 33. Nb6 Bb3 34. Re1 Bxd4 35. Rxd4 Rxd4 36. Bd7 Rd8 37. c6 Rb8 38. c7 Rf8 39. Bxe6+ Bxe6 40. Rxe6 gxf4 41. gxf4 Rxf4 42. c8Q Rxc8+ 43. Nxc8 Rc4+ 44. Kb1 Rxc8 45. Re5 Rf8 46. Rxa5 Kg7 47. Ra6 f4 48. Ra7+ Kg6 49. Ra6+ Kg5 50. Ra5+ Kg4 51. Ra4 Kg3 52. b4 f3 53. Ra7 f2 54. Rg7+ Kf3 0-1